Poéma o svedomí Slovenské národné povstanie vo filme

Bibliographic Details
Main Author: Ťapajová, Elena, 1944-2023 (Author)
Format: Article
Language:Slovak
Subjects:

MARC

LEADER 00000nab a2200000 a 4500
001 vtls000039272
003 SK-MaSNL
005 20260303201821.0
008 111103c1979 xo 0 slo
015 |a SNBRB19rr/mm-uuuuu 
035 |a CL0049367 
040 |a SNKBUCL  |b slo  |c SNKBUCL  |e AACR2 
041 0 |a slo 
044 |a xo  |c SK 
080 |a 791.4  |2 1981 
100 1 |a Ťapajová, Elena,  |d 1944-2023  |4 aut  |9 5234 
245 1 0 |a Poéma o svedomí  |b Slovenské národné povstanie vo filme  |c Elena Ťapajová 
300 |b Obr. 4. 
650 0 7 |a film slovenský  |2 snkbucl  |9 853809 
650 0 7 |a Poéma o svedomí  |2 snkbucl  |9 1232937 
655 7 |a články z novín a časopisov  |2 snkbucl  |9 267496 
773 0 |t Slovenka  |g Roč. 31, č. 34 (24. 8. 1979), s. 14-15 
850 |a Slovenská národná knižnica v Martine  |a MTA001 
852 |a SNK  |b KIS3GCP 
958 |a RK 
992 |a RBX 
999 |c 2176406  |d 2178336